| 000 | 00428nam a22001577a 4500 | ||
|---|---|---|---|
| 003 | NUST - PNEC | ||
| 005 | 20170116181036.0 | ||
| 008 | 150919b xxu||||| |||| 00| 0 eng d | ||
| 040 | _cLIBRARY | ||
| 082 | _a621.811 MAR | ||
| 100 |
_911385 _a Martin, George Henry |
||
| 245 |
_aKinematics and dynamics of machines _c Martin, George Henry |
||
| 260 | _cc 1969 | ||
| 650 |
_911388 _aMachinery, Dynamics of _xME |
||
| 942 |
_2ddc _cBK |
||
| 999 |
_c67931 _d67931 |
||